000 00466 a2200193 4500
005 20260317125519.0
008 260317b |||||||| |||| 00| 0 eng d
020 _a9788121903677
_cRs. 1295.00
040 _aMAIN
082 _a592
_bJ762I
100 _aJordan, E L
245 _aInvertibrate zoology
260 _b S Chand
_c2024
_aNew Delhi
300 _a1127
650 _aZoology
650 _aInvertebrate Zoology
700 _aVerma, P S
942 _cBK
999 _c395247
_d395247